00632nam a2200205Ia 4500001001000000003000500010008004100015010001100056040000900067082001700076100002300093245007900116260007200195300001100267440003000278650002600308650002800334650003100362650003300393Para_1650CHAP220125s1991 xx 000 0 und d a204552 cCHAP aPA 614.31 G6 aGorham, J. Richard aEcology and management of food inducty pests /c by J. Richard Yorham ed. aArlington, Virginia :b Association M. Official analytical chemist a595 p. aFDA. Tecnical bolletin; 4 aAlimentos x higiene  aAlimentos x industria  aAlimentos x inspección  aInsectos x identificación